LEADER 02027nam 2200637 a 450 001 9910461494003321 005 20200520144314.0 010 $a1-283-53040-6 010 $a9786613842855 010 $a0-7735-8073-5 035 $a(CKB)2670000000148969 035 $a(OCoLC)767671283 035 $a(CaPaEBR)ebrary10580673 035 $a(SSID)ssj0000694325 035 $a(PQKBManifestationID)11414175 035 $a(PQKBTitleCode)TC0000694325 035 $a(PQKBWorkID)10669918 035 $a(PQKB)11307849 035 $a(MiAaPQ)EBC3332429 035 $a(CEL)436120 035 $a(CaBNVSL)slc00230151 035 $a(Au-PeEL)EBL3332429 035 $a(CaPaEBR)ebr10578016 035 $a(CaONFJC)MIL384285 035 $a(OCoLC)923236659 035 $a(EXLCZ)992670000000148969 100 $a20120717d1987 uy 0 101 0 $aeng 135 $aurcn||||||||| 181 $ctxt 182 $cc 183 $acr 200 14$aThe welfare state and Canadian federalism$b[electronic resource] /$fKeith G. Banting 205 $a2nd ed. 210 $aKingston [Ont.] $cMcGill-Queen's University Press$d1987 215 $a1 online resource (276 p.) 300 $aIncludes index. 311 $a0-7735-0631-4 320 $aIncludes bibliographical references and index. 327 $aPart one Income security -- Part two Federal institutions and income security -- Part three Institutional change and income security -- Part four Conclusions. 606 $aIncome maintenance programs$zCanada 606 $aSocial security$zCanada 606 $aFederal government$zCanada 608 $aElectronic books. 615 0$aIncome maintenance programs 615 0$aSocial security 615 0$aFederal government 676 $a354.710082/56 700 $aBanting$b Keith G$0160939 801 0$bMiAaPQ 801 1$bMiAaPQ 801 2$bMiAaPQ 906 $aBOOK 912 $a9910461494003321 996 $aThe welfare state and Canadian federalism$92132746 997 $aUNINA LEADER 01072nam a22002411i 4500 001 991002767509707536 005 20030910170434.0 008 030925s1976 it |||||||||||||||||ita 035 $ab12336373-39ule_inst 035 $aARCHE-038391$9ExL 040 $aBiblioteca Interfacoltà$bita$cA.t.i. Arché s.c.r.l. Pandora Sicilia s.r.l. 082 04$a872.3 110 2 $aUniversità degli Studi :$bFacoltà di lettere :$bIstituto di filologia classica e medievale$0454591 245 10$aCommedie latine del XII-XIII secolo /$cUniversità di Genova, Facoltà di lettere 260 $aGenova :$bIstituto di filologia classica e medievale,$c1976 300 $av. ;$c22 cm 650 4$aCommedia latina medievale$xSec. 12.-13.$xAntologie 907 $a.b12336373$b02-04-14$c08-10-03 912 $a991002767509707536 945 $aLE002 Ann. 244/048$cV. 1$g1$i2002000183651$lle002$o-$pE0.00$q-$rl$s- $t0$u0$v0$w0$x0$y.i12738128$z08-10-03 996 $aCommedie latine del XII-XIII secolo$9160331 997 $aUNISALENTO 998 $ale002$b08-10-03$cm$da $e-$fita$git $h0$i1